| 000 | 00516nam a2200193Ia 4500 | ||
|---|---|---|---|
| 003 | OSt | ||
| 005 | 20250115100256.0 | ||
| 008 | 210716s1999 xx 000 0 und d | ||
| 020 | _a0446608009 | ||
| 040 | _cAIMIT LIBRARY | ||
| 041 | _aeng | ||
| 082 |
_a808.83 _21 _bMASR |
||
| 100 |
_aMason, Richard. _9193414 |
||
| 245 |
_aDrowning people / _cBy Richard Mason. |
||
| 250 | _a1st ed. | ||
| 260 |
_aNew York : _bWarner books ; _c1999. |
||
| 300 |
_ax,388p. ; _bPB _c17 cm. |
||
| 942 |
_2ddc _cBK _e1st ed. _k808.83 MASR |
||
| 999 |
_c200262 _d200262 |
||